| 000 | 00698nam a2200205Ia 4500 | ||
|---|---|---|---|
| 001 | 20103 | ||
| 003 | GE_BSU | ||
| 008 | 181216s||||||||xx |||||||||||||| ||und|| | ||
| 040 | _cGE_BSU | ||
| 245 | _aМировая экономика и международные отношения том. 61. №2 Февраль 2017. | ||
| 245 | _cГл.ред.А.В Рябов. | ||
| 260 | _aМосква | ||
| 260 | _bНаука | ||
| 260 | _c2017 | ||
| 300 | _a128стр. 30см. | ||
| 653 | _aМировая экономика и международные отношения. том 61. №2 Февраль 2017. | ||
| 653 | _aПериодика | ||
| 653 | _aპერიოდიკა | ||
| 942 | _cCR | ||
| 999 |
_c53066 _d53066 |
||